| 000 | 01217cam a2200229 4500 | ||
|---|---|---|---|
| 008 | 090401t1987 xxu||||| |||| 00| 0 eng d | ||
| 020 | _a0421382600 | ||
| 035 | _a(Sirsi) u54469 | ||
| 041 | _aeng | ||
| 050 | _a711.1 | ||
| 110 |
_aJournal of Planning and Environment Law _92913 |
||
| 245 | _aPlanning for growth and decline : papers from a conference held at Oxford, September 1986, organised by the Bar Council , the Law Society and the Royal Institution of Chartered Surveyors | ||
| 260 |
_aLondon _bSweet and Maxwell _c1987 |
||
| 300 | _avi,70p. ; 25cm. | ||
| 350 | _a25 | ||
| 490 |
_aJournal of Planning and Environment Law Occasional Paper _v13 |
||
| 520 | _aPapers:- The economics of growth (and decline)/ COLE, H.R. - The dynamics of growth and decline/ MERCER, R. - Devising new policy instruments/ GRANT, M. - The role of the law? The legal view/ CARNWATH, R.J.A. - The role of the law? The relevance of development control/ HEDDEN, R. - Reaction in the face of growth and decline: the county context/ SIMMONS, J.M. - Reaction in the face of growth and decline: the metropolitan context/ DAVIES, J.W. | ||
| 650 | _aDEVELOPMENT | ||
| 650 | _aPLANNING CONTROL | ||
| 942 | _n0 | ||
| 948 | _c04/03/1997 | ||
| 999 |
_c93476 _d93476 |
||